《圣经》和合本缩写对应卷名 - Statistics

General Stats
  • This quiz has been taken 27 times
  • The average score is 15 of 66
Answer Stats
编号 来源 缩写 卷名 % Correct
1 旧约 创世纪
100%
2 旧约 出埃及记
95%
40 新约 马太福音
71%
5 旧约 申命记
48%
41 新约 马可福音
48%
42 新约 路加福音
48%
43 新约 约翰福音
48%
66 新约 启示录
48%
3 旧约 利未记
43%
4 旧约 民数记
43%
7 旧约 士师记
38%
9 旧约 撒上 撒母耳记上
33%
10 旧约 撒下 撒母耳记下
33%
19 旧约 诗篇
33%
20 旧约 箴言
33%
23 旧约 以赛亚书
29%
65 新约 犹大书
29%
6 旧约 约书亚记
24%
26 旧约 以西结书
24%
44 新约 使徒行传
24%
45 新约 罗马书
24%
60 新约 彼前 彼得前书
24%
61 新约 彼后 彼得后书
24%
8 旧约 路得记
19%
11 旧约 王上 列王纪上
19%
12 旧约 王下 列王纪下
19%
21 旧约 传道书
19%
46 新约 林前 哥林多前书
19%
47 新约 林后 哥林多后书
19%
54 新约 提前 提摩太前书
19%
55 新约 提后 提摩太后书
19%
22 旧约 雅歌
14%
24 旧约 耶利米书
14%
25 旧约 耶利米哀歌
14%
27 旧约 但以理书
14%
28 旧约 何西阿书
14%
48 新约 加拉太书
14%
49 新约 以弗所书
14%
50 新约 腓立比书
14%
58 新约 希伯来书
14%
59 新约 雅各书
14%
62 新约 约壹 约翰一书
14%
63 新约 约贰 约翰二书
14%
64 新约 约叁 约翰三书
14%
13 旧约 代上 历代志上
10%
14 旧约 代下 历代志下
10%
16 旧约 尼希米记
10%
17 旧约 以斯帖记
10%
18 旧约 约伯记
10%
29 旧约 约珥书
10%
30 旧约 阿摩司书
10%
31 旧约 俄巴底亚书
10%
32 旧约 约拿书
10%
33 旧约 弥迦书
10%
35 旧约 哈巴谷书
10%
36 旧约 西番雅书
10%
37 旧约 哈该书
10%
38 旧约 撒迦利亚书
10%
51 新约 西 歌罗西书
10%
52 新约 帖前 帖撒罗尼迦前书
10%
53 新约 帖后 帖撒罗尼迦后书
10%
56 新约 提多书
10%
57 新约 腓利门书
10%
15 旧约 以斯拉记
5%
34 旧约 鸿 那鸿书
5%
39 旧约 玛拉基书
5%
No matching quizzes found
Score Distribution
Percent of People with Each Score
Percentile by Number Answered
Your Score History
You have not taken this quiz